000 00711nam a2200193 i 4500
001 146229
003 ES-MaACL
005 20250930063125.0
007 t|
008 070905s1953 cu ||||1| spa d
100 1 _aTorriente, Cosme de la,
_dn. 1872
_9111040
245 1 3 _aLa Constituyente de la Yaya /
_cdiscurso leido por Cosme de la Torriente y Peraza, en la sesión pública celebrada el día 30 de Octubre de 1952.
260 _aLa Habana :
_bSiglo XX,
_c1953.
300 _a68 p. :
_bil. ;
_c24 cm.
500 _aPrecede al tít.: Academia de la Historia de Cuba.
710 2 _aAcademia de la Historia de Cuba.
_91183
852 _aES-MaACL
_j2000-F-10
_bR.34692
999 _c146229
_d146229